000 00456nam a2200157 a 4500
003 AR-BaBNM
005 20251128202729.0
008 082120s2002 ||||||||||||||000 | spa||
040 _cAR-BaBNM
245 0 0 _aHistoria de América y de los pueblos americanos
_bCristóbal Colón y el descubrimiento de América. 4
260 _a[S.l.]
_bSalvat
_c1945
300 _a556 p.
700 1 _aBallesteros y Beretta, Antonio
_edirector
942 _cBK
998 _cMARCE
999 _c297
_d297